000 00340nam a22001457a 4500
008 230517b ||||| |||| 00| 0 eng d
020 _a9780684312408
041 _aeng
080 _2VOLUME 2
_a610.73
082 _a610.73FER
100 _a9
101 _aINF
245 _aHUMAN DISEASES AND CONDITIONS
_cFERRARA .H.M
942 _2udc
_cBK
999 _c59771
_d59771